000 00331 a2200121 4500
000 nam a22 7a 4500
005 20260207162326.0
020 _a9788198388025
100 _aK Guru Rajesh
_91114400
245 _aNeelakhanthas Subodhini ( Commentary on Jamini Sutras )
260 _bBig Note Publications
_c2025
942 _cTEXL
999 _c1678944
_d1678944